Films by Picture #6 - Statistics

General Stats
  • This quiz has been taken 77 times
  • The average score is 4 of 15
Answer Stats
Picture Answer % Correct
The Ten Commandments
75%
Life of Pi
72%
Independence Day
52%
The Bucket List
48%
Bolt
42%
The Bridges of Madison County
22%
Walk the Line
16%
Das Boot
13%
GoldenEye
8%
First Blood
6%
The Blues Brothers
5%
Who Framed Roger Rabbit ?
5%
The Man Who Would Be King
3%
True Grit
3%
Pearl Harbor
0%
No matching quizzes found
Score Distribution
Percent of People with Each Score
Percentile by Number Answered
Your Score History
You have not taken this quiz